000 00649nam a2200241Ia 4500
003 OSt
005 20220918204631.0
006 a|||||r|||| 00| 0
007 ta
008 220917b |||||||| |||| 00| 0 eng d
024 _a113,565
037 _cTextual
040 _aARTS
_cARTS
_beng
041 _2eng
_aeng
082 _aV53L89, K0
100 _aPernoud Georges
_9112644
245 0 _aFrench revolution tr by Richard Graves
260 _aLondon
_bSecker
_c1960
650 _aHISTORY
700 _a Flaissier S
_9112645
942 _hV53L89, K0
_cTEXL
_2CC
999 _c236896
_d236896